La públicación de los prónosticos y el mecanismo de realimentación en un modelo de telaraña (Registro nro. 15931)

Detalles MARC
000 -LEADER
fixed length control field 00387 a2200109 4500
001 - CONTROL NUMBER
control field ART_2713
005 - DATE AND TIME OF LATEST TRANSACTION
control field 20260410161709.0
008 - FIXED-LENGTH DATA ELEMENTS--GENERAL INFORMATION
fixed length control field 260409a
100 1# - MAIN ENTRY--PERSONAL NAME
Personal name Villanueva, Javier
245 10 - TITLE STATEMENT
Title La públicación de los prónosticos y el mecanismo de realimentación en un modelo de telaraña
773 0# - HOST ITEM ENTRY
Title Desarrollo económico
Related parts - Vol. 1, Nº 2 (jul./sep. 1961)
Record control number REV1174

No hay ítems disponibles.